[Event "Early Summer Swiss"]
[Site "Burlingame"]
[Date "2003.06.19"]
[Round "4"]
[White "Naroditsky, Daniel"]
[Black "Gray, Gary R"]
[Result "1-0"]
[WhiteElo "1042"]
[BlackElo "1134"]
[WhiteFideId "-1"]
[BlackFideId "-1"]
[PlyCount "88"]
[GameId "2239096061239335"]
[EventDate "2003.??.??"]
[SourceTitle "2025.12"]
[SourceDate "2025.12.01"]
[SourceVersion "1"]
[SourceVersionDate "2025.12.01"]
[SourceQuality "1"]

1. e4 e5 2. Nf3 Nc6 3. Bb5 Nf6 4. Nc3 Bc5 5. O-O Nd4 6. Nxd4 Bxd4 7. d3 h6 8. Bd2 c6 9. Ba4 O-O 10. h3 d5 11. exd5 cxd5 12. Qf3 Be6 13. Nd1 Bc5 14. Ne3 Qc8 15. Bb3 Rd8 16. Rac1 Bxe3 17. Bxe3 Qc6 {[#]} 18. Bxh6 gxh6 19. Qxf6 Rd6 20. Qxe5 Bxh3 21. Qg3+ Kf8 22. Qxh3 Rg6 23. c4 d4 24. Bd1 Re8 25. Bf3 Qf6 26. Rce1 Rxe1 27. Rxe1 Kg7 28. Re4 Kh7 29. Re1 Rg5 30. Be4+ Kg7 31. Qf3 Qd6 32. g3 Qe6 33. Qh1 Qe5 34. Kf1 Qf6 35. Qh4 Qd6 36. Qf4 Qd7 37. Qh4 Qd6 38. Bd5 Qg6 39. Be4 f5 40. Bf3 f4 41. Qxf4 Rf5 42. Be4 Kf6 43. Qxf5+ Qxf5 44. Bxf5 Kxf5 {An early effort from his seventh tournament, Naroditsky earned a first official rating of 1090 in this event.} 1-0

[Event "Tuesday Night Marathon"]
[Site "San Francisco"]
[Date "2004.11.30"]
[Round "5"]
[White "Naroditsky, Daniel"]
[Black "Svoboda, J. Steven"]
[Result "1-0"]
[WhiteElo "1671"]
[BlackElo "1912"]
[WhiteFideId "-1"]
[BlackFideId "-1"]
[PlyCount "81"]
[GameId "547091092301"]
[EventDate "2004.??.??"]
[SourceTitle "2025.12"]
[SourceDate "2025.12.01"]
[SourceVersion "1"]
[SourceVersionDate "2025.12.01"]
[SourceQuality "1"]

1. e4 c5 2. c3 Nf6 3. e5 Nd5 4. d4 cxd4 5. Nf3 Nc6 6. cxd4 d6 7. Bc4 dxe5 8. dxe5 Ndb4 9. Qb3 e6 10. O-O Be7 11. Nc3 O-O 12. Rd1 Qc7 13. Nb5 Qb8 14. Nd6 Nxe5 15. Bf4 Bxd6 16. Rxd6 Qxd6 17. Nxe5 Nd5 18. Bg3 f5 19. Bxd5 Qxd5 20. Qe3 Rd8 21. h4 Bd7 22. Qg5 Bc6 23. Bf4 Rf8 24. h5 Qd8 25. Qg3 Be8 26. h6 g6 27. Bg5 Qd6 28. Qc3 Rc8 29. Qxc8 Bc6 30. Be7 Qxe7 31. Nxc6 bxc6 32. Qxc6 Rd8 33. Rc1 Qd6 34. Qxd6 Rxd6 35. Rc8+ Kf7 36. Rc7+ Kf6 37. Rxa7 Rd1+ 38. Kh2 Rd2 39. b4 Rxf2 40. Rxh7 e5 41. Ra7 1-0

[Event "CalNorth Youth Ch"]
[Site "San Jose"]
[Date "2005.04.17"]
[Round "4"]
[White "Zierk, Steven"]
[Black "Naroditsky, Daniel"]
[Result "0-1"]
[WhiteElo "1490"]
[BlackElo "1865"]
[WhiteFideId "-1"]
[BlackFideId "-1"]
[PlyCount "156"]
[GameId "2239096063254580"]
[EventDate "2005.??.??"]
[SourceTitle "2025.12"]
[SourceDate "2025.12.01"]
[SourceVersion "1"]
[SourceVersionDate "2025.12.01"]
[SourceQuality "1"]

1. e4 c5 2. Nf3 d6 3. d4 cxd4 4. Nxd4 Nf6 5. Nc3 a6 6. Bc4 e6 7. O-O Be7 8. f4 O-O 9. Be3 b5 10. Bd3 Bb7 11. a3 Nbd7 12. b4 Rc8 13. Qd2 Qc7 14. Nde2 Ng4 15. Nd1 Bf6 16. c3 Nb6 17. h3 Nxe3 18. Qxe3 Na4 19. Rc1 Nb6 20. Nf2 Nc4 21. Bxc4 Qxc4 22. e5 Qc6 23. Qg3 dxe5 24. fxe5 Bxe5 25. Qg4 f5 26. Qg5 Bf6 27. Qg3 Bh4 28. Qh2 Rf6 29. Nd4 Qd5 30. Nf3 Bxf2+ 31. Rxf2 Rg6 32. Ne5 Rxc3 33. Rxc3 Qd1+ 34. Rf1 Qd4+ 35. Kh1 Rxg2 36. Rc8+ Bxc8 37. Kxg2 Qd2+ 38. Rf2 Bb7+ 39. Nf3 Bxf3+ 40. Kxf3 {[#]} Qd5+ 41. Kg3 Qe5+ 42. Kg2 Qe4+ 43. Kg1 Qe1+ 44. Rf1 Qe3+ 45. Kh1 Qxa3 46. Qe2 Qxh3+ 47. Kg1 Qg3+ 48. Qg2 Qe3+ 49. Kh1 Qh6+ 50. Qh2 Qe3 51. Qd6 Qe4+ 52. Kg1 Qe3+ 53. Rf2 Qe1+ 54. Kg2 Qe4+ 55. Rf3 Qe2+ 56. Kg3 Qe1+ 57. Kf4 Qh4+ 58. Ke3 Qe1+ 59. Kf4 Qc1+ 60. Re3 g5+ 61. Kf3 Qf1+ 62. Kg3 f4+ 63. Kg4 fxe3 64. Qxe6+ Qf7 65. Qc8+ Kg7 66. Qc3+ Kg6 67. Qc6+ Kg7 68. Qc3+ Kf8 69. Qc8+ Ke7 70. Qc7+ Kf8 71. Qd8+ Qe8 72. Qd6+ Kf7 73. Qd4 e2 74. Qf2+ Kg8 75. Qe1 h6 76. Kf5 Qf7+ 77. Kg4 Qf4+ 78. Kh5 Qh4+ 0-1

[Event "Tuesday Night Marathon"]
[Site "San Francisco"]
[Date "2006.01.17"]
[Round "2"]
[White "Naroditsky, Daniel"]
[Black "Thornally, Frank"]
[Result "1-0"]
[WhiteElo "2002"]
[BlackElo "2200"]
[WhiteFideId "-1"]
[BlackFideId "-1"]
[PlyCount "55"]
[GameId "260729402314"]
[EventDate "2006.01.10"]
[EventRounds "8"]
[EventCountry "USA"]
[SourceTitle "2025.12"]
[SourceDate "2025.12.01"]
[SourceVersion "1"]
[SourceVersionDate "2025.12.01"]
[SourceQuality "1"]

{This was Naroditsky's first win against a master in US Chess rated play.} 1. e4 c5 2. Nf3 g6 3. d4 cxd4 4. Nxd4 Nc6 5. Nc3 Bg7 6. Be3 Nf6 7. Be2 O-O 8. O-O d5 9. Nxc6 bxc6 10. e5 Nd7 11. f4 Qa5 12. a3 Ba6 13. b4 Bxe2 14. Qxe2 Qc7 15. Rad1 a5 16. b5 e6 17. a4 c5 18. Bc1 Rfe8 19. Qf3 Nb6 20. Ne2 f6 21. exf6 Bxf6 22. g4 Kh8 23. g5 Bg7 24. h4 e5 25. h5 exf4 26. Nxf4 Rf8 27. hxg6 Qe5 28. Qh5 1-0

[Event "World U12 Ch"]
[Site "Antalya"]
[Date "2007.11.22"]
[Round "5"]
[White "Srbis, Jurica"]
[Black "Naroditsky, Daniel"]
[Result "0-1"]
[WhiteElo "2055"]
[BlackElo "2124"]
[WhiteFideId "-1"]
[BlackFideId "-1"]
[PlyCount "106"]
[GameId "512313081648"]
[EventDate "2008.05.11"]
[SourceTitle "2025.12"]
[SourceDate "2025.12.01"]
[SourceVersion "1"]
[SourceVersionDate "2025.12.01"]
[SourceQuality "1"]

{See the February 2008 issue for Naroditsky's annotations.} 1. e4 e5 2. Nf3 Nc6 3. Bb5 a6 4. Ba4 Nf6 5. O-O Be7 6. Re1 b5 7. Bb3 d6 8. c3 O-O 9. h3 Nb8 10. d4 Nbd7 11. Nbd2 Bb7 12. Bc2 Re8 13. Nf1 Bf8 14. Ng3 g6 15. Nh2 h5 16. Bg5 Be7 17. a4 c5 18. d5 Nh7 19. Bxe7 Rxe7 20. Qe2 c4 21. axb5 axb5 22. b3 cxb3 23. Bxb3 Nc5 24. Bc2 Ba6 25. Qe3 Rea7 26. f4 Qf6 27. fxe5 Qxe5 28. Ne2 Re7 29. Nf3 Qxd5 30. Nf4 Qb7 31. Nd5 Re6 32. Qf4 Rae8 33. Ng5 Nxg5 34. Qxg5 Kg7 35. Nf4 Re5 36. Nxh5+ Kf8 37. Qh6+ Ke7 38. Nf4 Kd8 39. Rad1 Qb6 40. Kh1 Bb7 41. Rd4 Bxe4 42. Bxe4 Nxe4 43. Kh2 Nxc3 44. Rxe5 Qxd4 45. Qh4+ Kd7 46. Rg5 Re4 47. Qg4+ Kc7 48. Qf3 Rxf4 49. Qa8 Rf5 50. Rg3 Ne2 51. Qa5+ Kb7 52. Qe1 Nxg3 53. Qe7+ Ka6 0-1

[Event "World U12 Ch"]
[Site "Antalya"]
[Date "2007.11.28"]
[Round "11"]
[White "Bukavshin, Ivan"]
[Black "Naroditsky, Daniel"]
[Result "0-1"]
[WhiteElo "2248"]
[BlackElo "2124"]
[WhiteFideId "-1"]
[BlackFideId "-1"]
[PlyCount "48"]
[GameId "1166650089517056"]
[EventDate "2007.11.18"]
[EventType "swiss"]
[EventRounds "11"]
[SourceTitle "2025.12"]
[SourceDate "2025.12.01"]
[SourceVersion "1"]
[SourceVersionDate "2025.12.01"]
[SourceQuality "1"]

{See the February 2008 issue for Naroditsky's annotations.} 1. e4 c5 2. Nf3 d6 3. d4 cxd4 4. Nxd4 Nf6 5. Nc3 a6 6. Be3 e5 7. Nf3 Be7 8. Bc4 O-O 9. O-O Qc7 10. Nd5 Nxd5 11. Bxd5 Nd7 12. Nd2 Nf6 13. Bb3 b5 14. Bg5 Bb7 15. Bxf6 Bxf6 16. Qe2 a5 17. Qxb5 Ba6 18. Qa4 Bxf1 19. Nxf1 Bg5 20. Rd1 Kh8 21. Qa3 a4 22. Bxa4 Qc4 23. b4 Qa6 24. Qg3 Bf4 0-1

[Event "Benson Memorial IM Norm"]
[Site "San Francisco"]
[Date "2008.08.19"]
[Round "9"]
[White "Grefe, John"]
[Black "Naroditsky, Daniel"]
[Result "0-1"]
[Annotator "Lee,Andy"]
[WhiteElo "2384"]
[BlackElo "2366"]
[WhiteFideId "-1"]
[BlackFideId "-1"]
[PlyCount "60"]
[GameId "547026424653"]
[EventDate "2008.??.??"]
[SourceTitle "2025.12"]
[SourceDate "2025.12.01"]
[SourceVersion "1"]
[SourceVersionDate "2025.12.01"]
[SourceQuality "1"]

{[%evp 0,60,19,31,14,-11,43,42,40,37,37,14,19,15,15,10,41,43,32,19,68,61,46,36,25,20,88,72,44,50,50,-16,-20,-12,3,-34,-36,-45,-28,-67,1,-110,-110,-117,-27,-158,7,-15,-32,-11,-27,-27,249,-84,9,-25,124,-217,73,-92,-35,-35,-480]} 1. d4 Nf6 2. c4 g6 3. Nc3 Bg7 4. e4 d6 5. Bd3 {Grefe plays something a little unusual to test the kid's preparation in his favorite opening.} Nc6 6. Nge2 O-O 7. O-O Nd7 8. Be3 e5 9. d5 Ne7 {True to character, Danya aims for the sharpest lines rather than simplifying with the more common} (9... Nd4 {.}) 10. b4 $6 {Thematic (and new in this particular position), but it hasn't been played since. White's minor pieces are better placed to weaken and restrict Black's center, as in the variation} (10. Qd2 f5 11. exf5 gxf5 12. f4 {.}) 10... f5 11. f3 f4 12. Bf2 Nf6 13. c5 g5 14. cxd6 cxd6 {With White's knight on e2 instead of the bishop (as in the main lines of the King's Indian), Black's attack comes very quickly. Under pressure, Grefe sends his knight to be entombed on a7.} 15. Nb5 $6 a6 16. Na7 Bd7 17. Qb3 Kh8 {Stepping out of any Na7-c6 tricks on the diagonal, but Black's position would have also been quite good after} (17... g4 18. Nc6 Qe8 {.}) 18. b5 Qb8 $2 {Danya tries to force his venerable opponent to close the queenside before switching back to the plan of routing his queen to h5 via e8.} 19. b6 $2 {And fortunately for him, it works. The best way to justify the stranded knight is to sacrifice it, either by} (19. Nc6 {or the profoundly tricky}) (19. bxa6 Rxa7 20. Rfb1 $1 {.}) {[#]} 19... g4 $1 {Now Black is back in the driver's seat.} 20. Rac1 gxf3 21. gxf3 Bh3 22. Kh1 $5 {Rather than play} (22. Rfe1 {only to have to follow up with Kg1-h1 and Re1-g1, Grefe cunningly offers the Exchange. Without the light-squared bishop black's attack is much less serious, so Danya elects to keep it on the board.}) 22... Qe8 23. Rg1 {Having offered the Exchange once, White might be better off offering it again with} (23. Ng1 {.}) 23... Qh5 24. Bb1 Nd7 $1 {Very direct. Black is planning ... Rf8-f6-h6 in light of the terrible weakness of h2.} 25. Rc7 Rf6 26. Nc6 {This knight sacrifice has been on the table for a while now, but it's too little too late, as Black can safely ignore it.} Rh6 $1 {[#]} 27. Rxg7 {Danya's attack cannot be stopped, only slowed. Accepting the knight offering on e7 leads to a pretty mate --} (27. Nxe7 Bf1 $1 28. h4 Qxh4+ $1 29. Bxh4 Rxh4# {-- so Grefe clears g1 for his king.}) 27... Bg4 $6 {Flashy, but I suspect that with a year or two more experience Danya would have found the cleaner solution} (27... Kxg7 28. Nxe7 Kf7 $1) 28. Kg1 {Time to get out of Dodge.} Bxf3 29. Rxd7 $6 (29. Nxe7 {would have put up more resistance, though Black should still win.}) 29... Bxe2 {Renewing the threat of mate on h2.} 30. Rg2 Rg8 $1 {Danya eliminates the last defender of the king. After 31 Rxg8+ Nxg8 32 Bg3 Qh3! there is no good way to stop ...Qh3-f1#, so White resigned.} 0-1

[Event "Internet Chess Club"]
[Site "Internet Chess Club"]
[Date "2009.09.03"]
[Round "?"]
[White "Naroditsky, Daniel"]
[Black "Dolgoruki"]
[Result "1-0"]
[WhiteElo "2372"]
[BlackElo "2252"]
[WhiteFideId "-1"]
[BlackFideId "-1"]
[PlyCount "47"]
[GameId "547091092300"]
[EventDate "2009.??.??"]
[EventType "blitz"]
[SourceTitle "2025.12"]
[SourceDate "2025.12.01"]
[SourceVersion "1"]
[SourceVersionDate "2025.12.01"]
[SourceQuality "1"]

1. Nf3 c5 2. e4 d6 3. d4 cxd4 4. Nxd4 Nf6 5. Nc3 a6 6. Bg5 e6 7. f4 Qb6 8. Qd2 Qxb2 9. Rb1 Qa3 10. e5 dxe5 11. fxe5 Nfd7 12. Bc4 Qc5 {[#]} 13. Bxe6 Qxe5+ 14. Kd1 fxe6 15. Re1 Qa5 16. Nxe6 Kf7 17. Nd8+ Kg6 18. Rb5 axb5 19. Re6+ Nf6 20. Qd3+ Kh5 21. g4+ Nxg4 22. Qh3+ Kxg5 23. Ne4+ Kf5 24. Qf3# {Naroditsky published this game multiple times in his Chess.com columns, calling it "one of [his] fondest blitz memories" and "one of the watershed moments in [his] blitz addiction."} 1-0

[Event "National Open"]
[Site "Las Vegas"]
[Date "2010.06.12"]
[Round "3"]
[White "Naroditsky, Daniel"]
[Black "Panchanathan, Magesh Chandran"]
[Result "1/2-1/2"]
[Annotator "Panchanathan,Magesh"]
[WhiteElo "2423"]
[BlackElo "2521"]
[WhiteFideId "-1"]
[BlackFideId "-1"]
[PlyCount "93"]
[GameId "547026808941"]
[EventDate "2010.06.11"]
[EventType "swiss"]
[EventRounds "6"]
[EventCountry "USA"]
[SourceTitle "2025.12"]
[SourceDate "2025.12.01"]
[SourceVersion "1"]
[SourceVersionDate "2025.12.01"]
[SourceQuality "1"]

{[%evp 0,93,29,28,16,12,17,16,26,-2,0,7,6,-13,-33,-19,-5,-25,-23,-17,24,31,61,27,22,35,35,38,24,32,26,42,47,43,43,47,47,42,38,35,37,55,59,41,35,27,49,37,112,-14,55,0,21,20,21,21,53,9,41,14,92,-25,71,37,36,44,67,65,78,56,78,75,93,27,26,69,93,73,115,94,117,107,128,104,104,121,117,113,99,111,109,105,109,115,119,113] I don't recall the exact tournament situation now, but we were playing on one of the top boards. Since this was a prize-money event, defeating a 14-year-old IM would have been important for my overall chances.} 1. e4 e5 2. Nf3 Nc6 3. Bb5 a6 4. Ba4 Nf6 5. d3 {Back then, this move wasn’t as popular as it is today, but it was still considered a solid setup for White.} d6 {This has always been one of my favorite setups. One of my early coaches taught me to avoid the pin with Bc1-g5 by placing the bishop on e7, and I’ve essentially stuck with that idea ever since.} ({That said, for the setup I was planning it was better to go with the move order} 5... b5 {, as it forces the white bishop to go to b3 and then to c2, rather than going in one move as in the game. It does give White an extra option in} 6. Bb3 Be7 7. a4 {, but Black can deal with it:} ({If} 7. O-O d6 8. c3 O-O 9. Nbd2 Na5 10. Bc2 {Black has reached the same position as in the game, but with an extra move because of the Ba4-b3-c2 maneuver. In the game, I was playing this variation a move down.}) 7... b4 {with a regular game.}) 6. c3 Be7 ({The most popular, and best, option here is} 6... g6 7. O-O Bg7 8. Re1 O-O {.}) 7. O-O O-O 8. Nbd2 b5 {Now the white bishop can move directly to c2. A wiser setup for Black in this move order is} (8... Re8 9. Re1 Bf8 10. Nf1 h6 {.}) 9. Bc2 Na5 $6 ({A better idea for Black here is} 9... Re8 10. Re1 Bf8 11. Nf1 g6 12. h3 Bg7 13. Ng3 d5 {, as in Abdusattorov-Maghsoodloo, Tata Steel 2023, even though in this game White gained a considerable advantage and went on to win.}) ({The direct} 9... d5 {is also preferable, looking to open the d-file and play the symmetrical pawn structure. One example is} 10. Re1 dxe4 11. dxe4 Be6 12. Qe2 Qc8 {, which was drawn in Carlsen - Abdusattorov, Toronto rapid 2023.}) 10. d4 Nd7 11. a4 $6 {A missed opportunity for White to capitalize on the lost tempo:} (11. b4 $1 Nc6 12. a4 {and Black can't play ... c7-c5, which clearly creates a problem here.}) 11... b4 {Now Black still has a fighting chance.} ({Not} 11... c5 {, which runs into} 12. axb5 axb5 13. b4) 12. cxb4 Nc6 13. Nc4 exd4 14. Nxd4 Nxb4 {[#] Black has regained the pawn and has good control of the b4-square, but Black's weak light squares and White's piece activity gives him a healthy edge.} 15. Bd2 {Danya rightly decides to give up the bishop pair for swift development and an initiative.} ({White could save the bishop with} 15. Bb1 {, but that gives Black an important tempo to regroup:} Re8 16. Bd2 d5 $1 17. Bxb4 Bxb4 18. Nc6 Qf6 19. Nxb4 (19. exd5 Bf8 {leaves Black with good compensation for the pawn}) 19... dxc4 {and Black achieves dynamic equality.}) 15... Nxc2 16. Nc6 (16. Qxc2 {is also possible, when play could go} Bf6 17. Nc6 Qe8 18. Rfe1 Bb7 19. N4a5 {and White keeps the pressure on.}) 16... Qe8 17. Nxe7+ Qxe7 18. Qxc2 Nc5 19. Rfe1 Be6 20. b4 Nd7 21. Ne3 ({Better was} 21. Na5 c5 22. Nc6 Qe8 ({or} 22... Qf6 23. Bc3) 23. Qd3 {and the pressure on the d6-pawn is a big problem for Black.}) 21... c5 {At this point, I was still struggling to equalize but hoping to capitalize on any possible mistake from my young opponent to seize the initiative — though that mistake hadn’t arrived yet!} 22. f4 Rfc8 23. Qd3 a5 $2 {Poor judgment on my part — White can obtain a significant advantage with almost any continuation.} 24. Nf5 $2 {Another missed opportunity for White.} ({If} 24. bxa5 c4 25. Qa3 f6 26. Rec1 {, and the problem for Black is that I cannot move the bishop easily to attack the e4-pawn, because the white knight is ready to jump in to f5 or d5 anytime. For example,} Bf7 27. Nf5 Qxe4 28. Nxd6 {wins.}) ({White also had} 24. b5 c4 25. Qa3 f6 (25... Nc5 26. f5 Bd7 27. Nd5 {wins}) 26. Rac1 {, and White does not need the rook to be on the a-file since it's closed. Meanwhile, Black's problems remain the same: the bishop on e6 is a bit stuck while White will slowly improve his position.}) 24... Bxf5 25. exf5 Qd8 26. bxc5 Nxc5 {[#] I breathed a sigh of relief here. I knew I had a better pawn structure and could try to push gradually for a win.} 27. Qd5 Qb6 28. Be3 Qb4 29. f6 Qe4 30. Qg5 Qg6 $6 ({I could have kept the game double-edged with} 30... Ne6 31. Qg3 g6 {, but I felt I was finally out of danger and preferred to simplify the position and play for a risk-free win. It's not what happened!}) 31. fxg7 Qxg5 32. fxg5 Ne6 33. Red1 Ra6 34. Rd5 Kxg7 35. Rf1 Rc4 36. Rb5 Ra8 37. Rbf5 Rc7 38. Bb6 Rd7 39. Rd5 Kf8 40. Bxa5 $6 {Exchanging pawns on the queenside favors Black, as it leaves me with one less structural weakness to worry about.} ({White is better after} 40. h4 Ra6 41. Bf2 Nc7 42. Rd3 Ne6 43. Kh2) 40... Ke7 {I embarked on the wrong plan here, leaving my king unnecessarily exposed in the center. It's still defendable after} (40... Rda7 41. Bd2 Rxa4 42. Rxd6 Kg8 {, with all the pawns on the same side.}) 41. Bc3 $6 {Danya seems to simplify too quickly here.} ({After} 41. h4 Kf8 {the best thing for me to do is undo my last few moves and take the king back to g7, although} (41... Rda7 {is not as good anymore, because the black king will be stuck in the center:} 42. Bb4 Rxa4 43. Bxd6+ Ke8 44. Rdf5 Nd8 45. g3) 42. Kh2 {leaves White with good winning chances.}) 41... Rxa4 42. Bf6+ Kf8 43. Rb1 Ra8 44. Rbd1 Ra6 45. Rb1 Ra8 46. Rbd1 Ra6 47. Rb1 {I was well aware of how close I came to being in serious trouble in this game, so I was quite happy to escape with a draw in the end.} 1/2-1/2